Návrh systému pre platformu Arduino na zber údajov z pohybových senzorov z pohľadu bezpečnosti

Guardado en:
Detalles Bibliográficos
Autor principal: Podlucký, Filip (Autor)
Otros Autores: Gallo, Ondrej (Orientador)
Formato: Manuscrito Libro
Lenguaje:eslovaco
Publicado: 2017
Materias:
Acceso en línea:http://is.stuba.sk/zp/portal_zp.pl?podrobnosti=116118
Etiquetas: Agregar Etiqueta
Sin Etiquetas, Sea el primero en etiquetar este registro!

MARC

LEADER 00000ntm a22000003a 4500
001 stuzp60354
003 SK-STU
005 20170728094132.2
007 ta
008 150427s2015----xo-----f-mn---000-0-slo-d
040 |a STU  |b slo 
041 0 |a slo 
044 |a xo 
100 1 |a Podlucký, Filip  |u 035000  |4 aut  |U FEI Fakulta elektrotechniky a informatiky  |T FEI Ústav informatiky a matematiky  |X 74788  |U E050  |Y 816  |7 74788 
242 0 1 |a Arduino system design for data acquisition from motion sensors in a safety perspective  |y eng 
245 1 0 |a Návrh systému pre platformu Arduino na zber údajov z pohybových senzorov z pohľadu bezpečnosti 
260 |c 2017 
300 |a 33 s.,  |b CD-ROM 
650 4 |a AES  |2 slo 
650 4 |a Arduino  |2 slo 
650 4 |a Internet vecí  |2 slo 
650 4 |a Inerciálna navigácia  |2 slo 
650 4 |a Inertial navigation system  |2 eng 
650 4 |a Internet of Things  |2 eng 
650 4 |a Arduino  |2 eng 
650 4 |a AES  |2 eng 
700 1 |a Gallo, Ondrej  |u 035000  |k Z1  |4 ths  |U FEI Fakulta elektrotechniky a informatiky  |T FEI Ústav informatiky a matematiky  |X 27473  |U E050  |Y 816  |7 A000027473 
856 4 |u http://is.stuba.sk/zp/portal_zp.pl?podrobnosti=116118 
996 |b 284ER02503  |c E*Bc- 2503  |l EE35  |s P  |a 0  |w stuzp60354_0001